000 00508nam a22002057a 4500
003 LK-CoMWRAF
005 20231230114419.0
008 231118b |||||||| |||| 00| 0 eng d
020 _a 0571300685
040 _aLK-CoMWRAF
_dLK-CoMWRAF
_eLK-CoMWRAF
041 _aeng
082 _a823
_bTIL
100 _aTilak, Raghukul
110 _aEliot, T. S.
245 _aThe Cocktail party
250 _a7th Edition
260 _aNew Delhi :
_bRama Brothers
_c1994
650 _aChildren stories
942 _cBK
999 _c4139
_d4139